00225nam a2200097Ia 4500008004100000041000800041100001300049245003600062650001000098999001900108230605s9999 xx 000 0 und d aeng aLilicrap aFood and Beverage service(LIL1) aF. B. c416995d416995